Normal view MARC view
  • Physical sciences

Entry Topical Term

Number of records used in: 1

001 - CONTROL NUMBER

  • control field: 101545

003 - CONTROL NUMBER IDENTIFIER

  • control field: NUST

005 - DATE AND TIME OF LATEST TRANSACTION

  • control field: 20221027145313.0

008 - FIXED-LENGTH DATA ELEMENTS

  • fixed length control field: 221027|| aca||aabn | a|a d

040 ## - CATALOGING SOURCE

  • Original cataloging agency: NUST
  • Transcribing agency: NUST

150 ## - HEADING--TOPICAL TERM

  • Topical term or geographic name entry element: Physical sciences
  • General subdivision: Study and teaching

670 ## - SOURCE DATA FOUND

  • Source citation: Work cat.: (NUST)179671: Payne, Charles A. 101544, Modern physical science /, [1974]
© 2023 Central Library, National University of Sciences and Technology. All Rights Reserved.